| 000 | 01227cam a2200265 a 4500 | ||
|---|---|---|---|
| 001 | 16115897 | ||
| 003 | OSt | ||
| 005 | 20150408114045.0 | ||
| 008 | 100303s2010 gw a b 100 0 eng | ||
| 020 | _a9783642124327 (alk. paper : pbk.) | ||
| 040 | _cMU | ||
| 082 |
_221 _a006.3 _bI N C |
||
| 111 | 2 |
_aInternational Conference on Practical Applications of Agents and Multiagent Systems _n(8th : _d2010 : _cUniversity of Salamanca, Spain) _915992 |
|
| 245 | 1 | 0 |
_aTrends in practical applications of agents and multiagent systems : _b8th International Conference on Practical Applications of Agents and Multiagent Systems / _cYves Demazeau ...[et al.]., (eds.). |
| 260 |
_aBerlin : _bSpringer, _cc2010. |
||
| 300 |
_axxi, 734 p. : _bill. (some col.) ; _c24 cm. |
||
| 490 | 0 |
_aAdvances in intelligent and soft computing, _x1615-3871 ; _v71 |
|
| 504 | _aIncludes bibliographical references. | ||
| 650 | 0 |
_aIntelligent agents (Computer software) _vCongresses. |
|
| 650 | 0 |
_aArtificial intelligence _vCongresses. |
|
| 700 | 1 |
_aDemazeau, Yves. _915993 |
|
| 906 |
_a7 _bcbc _corignew _d2 _eepcn _f20 _gy-gencatlg |
||
| 942 |
_2ddc _cDVD |
||
| 999 |
_c24192 _d258692 |
||